| 000 | 00761nam a2200205 a 4500 | ||
|---|---|---|---|
| 003 | 0 | ||
| 005 | 20250516131229.0 | ||
| 008 | 021128s19uu xx 00 eng d | ||
| 050 |
_aPGS LB 1025.3 _b.F992 2001 |
||
| 100 | _aFurukawa, Aiko B. | ||
| 245 |
_aThe effects of having a tutor on the selected grade school students' academic performances / _cAiko B. Furukawa. |
||
| 260 |
_aLas PiƱas City, Philippines : _bSouthville International School and Colleges, _c2001. |
||
| 300 |
_aUnpaged : _bcolored illustrations ; _c28 cm. |
||
| 504 | _aIncludes bibliographical references. | ||
| 650 | _aTutoring. | ||
| 650 | _aPrivate tutoring | ||
| 650 | _aAcademic achievement. | ||
| 650 |
_aEducation, Elementary _vSupplementary education. |
||
| 942 |
_2lcc _cPASS |
||
| 999 |
_c96508 _d96508 |
||